Y te diré quien eres mariposa traicionera, novela

Gespeichert in:
Bibliographische Detailangaben
1. Verfasser: Galich Mazariegos, Franz 1951-2007
Format: Buch
Sprache:Spanish
Veröffentlicht: Managua, Nicaragua Anamá Editores 2006
Schlagworte:
Tags: Tag hinzufügen
Keine Tags, Fügen Sie den ersten Tag hinzu!

MARC

LEADER 00000nam a22000007a 4500
007 ta
008 131122s2006 cr ||||f |||| 00| f spa d
020 |a 992489162 
040 |a cru CIICLA Universidad de Costa Rica 
100 1 |a Galich Mazariegos, Franz  |d 1951-2007  
245 1 0 |a Y te diré quien eres  |b mariposa traicionera, novela  |c Franz Galich 
260 |a Managua, Nicaragua  |b Anamá Editores  |c 2006 
300 |a 211 páginas 
650 1 7 |a LITERATURA NICARAGUENSE  |x NOVELA 
942 |2 ddc  |c BK 
999 |c 2586  |d 2586